| 000 | 00984cam a22003137a 4500 | ||
|---|---|---|---|
| 003 | CHAP | ||
| 005 | 20220329134130.0 | ||
| 008 | 971013s1985 r 00010 d | ||
| 010 | _a15901 | ||
| 011 | _a16873 | ||
| 035 | _a20955 | ||
| 040 | _cCHAP | ||
| 090 | _aFolleto 9460 | ||
| 100 | 0 | 0 |
_aBhatia, Rattan J. _912157 |
| 245 | 1 | 4 |
_aThe West African Monetary Union _b: an analytical review |
| 260 |
_aWashington, D. C. : _bInternational Monetary Fund, _c1985 |
||
| 300 | _a59 p. | ||
| 490 | 0 |
_aOcasional paper _v; 35 |
|
| 590 |
_aBATCH-UPD _b10 _c20130110 _lUCH01 _h2119 |
||
| 590 |
_aBATCH-UPD _b10 _c20130410 _lUCH01 _h1429 |
||
| 590 |
_aBATCH-UPD _b10 _c20130914 _lUCH01 _h0617 |
||
| 590 |
_aCONVERSION _b10 _c20130109 _lUCH01 _h1310 |
||
| 650 | 1 | 4 |
_aCuestión monetaria _xAfrica. _930121 |
| 710 | 0 |
_aFondo Monetario Internacional. _942119 |
|
| 830 | 0 |
_aOcasional paper _v; 35 _982628 |
|
| 901 | _aBK | ||
| 942 | _cFOLL | ||
| 949 |
_aFolleto 9460 _bBC _cFOLL _d-48955 _eTS1 _i20955 _mD _si |
||
| 999 |
_c15901 _d15901 |
||